Happy Birthday to the L&TCA (Record no. 84794)

MARC details
000 -LEADER
fixed length control field 00882cab a22002055a 4500
001 - CONTROL NUMBER
control field L159083
008 - FIXED-LENGTH DATA ELEMENTS--GENERAL INFORMATION
fixed length control field 160113e20160901xxk 000 0 eng d
035 ## - SYSTEM CONTROL NUMBER
System control number (Sirsi) u159083
041 0# - LANGUAGE CODE
Language code of text/sound track or separate title eng
100 1# - MAIN ENTRY--PERSONAL NAME
Personal name Myers, Lewis
245 00 - TITLE STATEMENT
Title Happy Birthday to the L&TCA
260 ## - PUBLICATION, DISTRIBUTION, ETC.
Date of publication, distribution, etc. 2016
490 ## - SERIES STATEMENT
Series statement Estates Gazette
Volume/sequential designation (1601) 9 January 2016, 50-52(3)
520 ## - SUMMARY, ETC.
Summary, etc. Examines the Landlord and Tenant (Covenants) Act 1995 on the 20th anniversary of it coming into force. Acknowledges how the Act has had a considerable impact and assesses how successful it has been in key areas such as privity of contract, landlord controls over assignment and uncertainty regarding which leasehold obligations would bind successors. Also discusses the legacy of the Act.
590 ## - LOCAL NOTE (RLIN)
Local note KA
651 #4 - SUBJECT ADDED ENTRY--GEOGRAPHIC NAME
Geographic name United Kingdom
690 ## - LOCAL SUBJECT ADDED ENTRY--TOPICAL TERM (OCLC, RLIN)
Topical term or geographic name as entry element Landlord and tenant
9 (RLIN) 6252
700 1# - ADDED ENTRY--PERSONAL NAME
Personal name Thomson, E.
942 ## - ADDED ENTRY ELEMENTS (KOHA)
Suppress in OPAC 0
Holdings
Withdrawn status Lost status Source of classification or shelving scheme Damaged status Not for loan Home library Current library Shelving location Date acquired Total Checkouts Full call number Barcode Date last seen Copy number Price effective from Koha item type
    Dewey Decimal Classification     London London Journal article 13/01/2016   L159083 159083-1001 06/08/2019 1 06/08/2019 Journal article